000
00286nam a2200121Ia 4500
008
190216s9999||||xx |||||||||||||| ||und||
100
_a
A Symposium
245
0
_a
Contemporary Indian Literature
260
_b
Sahithya Accadamy
300
_a
319
650
_a
English Essay
942
_c
BK
999
_c
11586
_d
11586